Подмосковье: книга-спутник по древним подмосковным городам, селам и старым усадьбам (XIV - XIX вв.)

Xehetasun bibliografikoak
Egile nagusia: Ильин М. А. Михаил Андреевич
Hizkuntza:errusiera
Argitaratua: Москва, Искусство, 1965
Gaiak:
Formatua: MixedMaterials Liburua
KOHA link:https://koha.lib.tpu.ru/cgi-bin/koha/opac-detail.pl?biblionumber=181093

MARC

LEADER 00000nam0a2200000 4500
001 181093
005 20231031170950.0
035 |a (RuTPU)RU\TPU\book\196308 
090 |a 181093 
100 |a 20100602d1965 m y0rusy50 ca 
101 0 |a rus 
102 |a RU 
105 |a a g 001zy 
200 1 |a Подмосковье  |e книга-спутник по древним подмосковным городам, селам и старым усадьбам (XIV - XIX вв.)  |f М. А. Ильин 
210 |a Москва  |c Искусство  |d 1965 
215 |a 336 с.  |c ил. 
320 |a Библиогр.: с. 310-314. 
610 1 |a Подмосковье 
610 1 |a города 
610 1 |a села 
610 1 |a усадьбы 
610 1 |a архитектура 
610 1 |a архитектурные памятники 
675 |a 725  |v 3 
675 |a 726  |v 3 
700 1 |a Ильин  |b М. А.  |g Михаил Андреевич 
801 1 |a RU  |b 63413507  |c 20100602 
801 2 |a RU  |b 63413507  |c 20101202  |g RCR 
942 |c BK